00446nam a2200157Ia 4500003000400000008004100004040001600045082001500061100001800076245007400094260004800168300001000216650001700226650002400243650002100267GCL140319s9999 xx 000 0 eng d aGCL / cGCL04a810.9bH C1 aHART,JAMES D.10aTHE CONCISE OXFORD COMPANION TO AMERICAN LITERATURE / cHART,JAMES D. a[S.N] : bOXFORD UNIVERSITY PRESS ، c1986 a497 P04aDICTIONARIES04aAMERICAN LITERATURE04aBIO - BIBOGRAPHY